000 00233 a2200109 4500
001 71107
040 _cAnchieta - Colégio São Paulo
240 1 0 _aWinter
_lpor
245 1 0 _aWinter
650 4 _aLiteratura infanto-juvenil
942 _cMX
999 _c71107
_d71107